Property Management Principles and Practice (Record no. 3470)

MARC details
000 -LEADER
fixed length control field 00439nam a22001457a 4500
008 - FIXED-LENGTH DATA ELEMENTS--GENERAL INFORMATION
fixed length control field 250514b |||||||| |||| 00| 0 eng d
020 ## - INTERNATIONAL STANDARD BOOK NUMBER
ISBN 978353775X
100 ## - MAIN ENTRY--AUTHOR
Author Olayonwa, G.O
245 ## - TITLE STATEMENT
Title Property Management Principles and Practice
260 ## - PUBLICATION, DISTRIBUTION, ETC. (IMPRINT)
Place of publication Iwo-Nigeria
Name of publisher DPC Debo Publishing Company
Date of publication 2018
300 ## - COLLATION
Pagination xix, 307p.
Other physical details ill.
650 ## - TRACINGS
Main Subject Real Estate Management
Subdivision (1st) Real Estate Management Nigeria
942 ## - ADDED ENTRY ELEMENTS (KOHA)
Item type Books
050 ## - LIBRARY OF CONGRESS CALL NUMBER
Classification number HD 1394
Item number .O53
Holdings
Source of classification or shelving scheme Not for loan Permanent location Current location Date acquired Accession No. Full call number Barcode. Koha item type
Library of Congress Classification   Samuel Ogbemudia Main Library, University of Abuja Samuel Ogbemudia Main Library, University of Abuja 05/14/2025 2024/63382 HD1394 2025-1938 Books